| 000 | 00398nam a22001457a 4500 | ||
|---|---|---|---|
| 020 | _a9788184312782 | ||
| 040 | _cNust | ||
| 082 |
_a621.3824 _bBAK |
||
| 100 |
_aU.A bakshi _9124552 |
||
| 110 |
_aA.V. Bakshi, K.A. bakshi _9124553 |
||
| 245 | _aAntenna & Wave Propagation | ||
| 260 |
_aPune: _bTechnical Publications Pune, _c2012 |
||
| 650 |
_aAntenna & Wave Propagation _9124554 |
||
| 942 |
_2ddc _cBK |
||
| 999 |
_c610377 _d610377 |
||